000 00629nam a22002297a 4500
003 UA-OsUOA
001 97914
007 ta
008 20130408b un ||||| |||| 00| 0 ukr d
100 _aПлукш П.
090 _a821.161.1
_bП40
942 _cBK
040 _aUA-OsUOA
_brus
_cUA-OsUOA
_dUA-OsUOA
245 _aС. Н. Сергеев-Ценский - писатель, человек
300 _a237 с.
955 _a3
041 _arus
080 _a821.161.1
260 _aМ.
_bСовременник
_c1975
650 7 _a82 Література. Літературознавство
_2UDC
999 _c384165
_d384165